LEADER 01992nam--2200409---450- 001 990006021950203316 005 20150401151540.0 035 $a000602195 035 $aUSA01000602195 035 $a(ALEPH)000602195USA01 035 $a000602195 100 $a20150401d1855----km-y0itay50------ba 101 $aita 102 $aIT 105 $a||||||||001yy 200 1 $aCommentario del codice di procedura civile per gli stati sardi$econ la comparazione degli altri codici italiani, e delle principali legislazioni straniere$fcompilato dagli avvocati e professori di diritto P.S. Mancini, G. Pisanelli, A. Scialoia$gcon la cooperazione di parecchi giureconsulti del Piemonte e di altri stati d'Italia 210 $aTorino$cPresso l'amministrazione della società editrice$d1855- 215 $avolumi$d25 cm 327 1 $aVol. 1.1. - 787 p.$aVol. 1.2: procedura davanti i giudici di mndamento, con un trattato sulle azioni possessorie / del professore Antonio Scialoja - 1857. - 784 p.$aVol. 2. - 1855. - 548 p.$aVol. 3. - 1861. - 372 p.$aVol. 4. - 1857. - 640 p.$aVol. 5.1. - 1858. - 660 p.$aVol. 5.2. - 1856. - 247 p.$aVol. 6: appendice e indice generale. - 1863. - 141, 196 p. 606 0 $aDiritto processuale civile$yItalia$z1809-1858$2BNCF 676 $a347.009034 700 1$aMANCINI,$bPasquale Stanislao$0446854 701 1$aPISANELLI,$bGiuseppe$0195813 701 1$aSCIALOIA,$bAntonio$0380836 801 0$aIT$bsalbc$gISBD 912 $a990006021950203316 951 $aXV.2.CA. 68 1.1$b6318 F.C.$cXV.2.C.$d368640 951 $aXV.2.CA. 68 1.2$b6319 F.C.$cXV.2.C.$d368641 951 $aXV.2.CA. 68 2$b6320 F.C.$cXV.2.C.$d368642 959 $aBK 969 $aCUOMO 979 $aMANZOP$b90$c20150401$lUSA01$h1349 979 $aMANZOP$b90$c20150401$lUSA01$h1350 979 $aMANZOP$b90$c20150401$lUSA01$h1400 979 $aMANZOP$b90$c20150401$lUSA01$h1515 996 $aCommentario del codice di procedura civile per gli stati sardi$91077508 997 $aUNISA LEADER 02065nam0 22004813i 450 001 VAN0249900 005 20230531121900.158 017 70$2N$a9783030396435 100 $a20220909d2020 |0itac50 ba 101 $aeng 102 $aCH 105 $a|||| ||||| 200 1 $aText analysis with R$efor students of literature$fMatthew L. Jockers, Rosamond Thalken 205 $a2. ed 210 $aCham$cSpringer$d2020 215 $axxiii, 277 p.$cill.$d24 cm 410 1$1001VAN0103266$12001 $aQuantitative methods in the humanities and social sciences$1210 $aBerlin [etc.]$cSpringer 500 1$3VAN0240628$aText analysis with R for students of literature$92909487 606 $a68-XX$xComputer science [MSC 2020]$3VANC019670$2MF 606 $a62-XX$xStatistics [MSC 2020]$3VANC022998$2MF 606 $a00A64$xMathematics and literature [MSC 2020]$3VANC037117$2MF 610 $aComputational Literary Studies$9KW:K 610 $aCorpus Linguistics and R$9KW:K 610 $aDigital Humanities$9KW:K 610 $aLinguistic Computing$9KW:K 610 $aLiterary Studies$9KW:K 610 $aProgramming and Literature$9KW:K 610 $aText Analysis$9KW:K 610 $aText Classification$9KW:K 610 $aText Clustering$9KW:K 610 $aText Mining$9KW:K 620 $aCH$dCham$3VANL001889 700 1$aJockers$bMatthew L.$3VANV080593$0721648 701 1$aThalken$bRosamond$3VANV204300$01254916 712 $aSpringer $3VANV108073$4650 801 $aIT$bSOL$c20240614$gRICA 856 4 $uhttp://doi.org/10.1007/978-3-030-39643-5$zE-book ? Accesso al full-text attraverso riconoscimento IP di Ateneo, proxy e/o Shibboleth 899 $aBIBLIOTECA DEL DIPARTIMENTO DI MATEMATICA E FISICA$1IT-CE0120$2VAN08 912 $fN 912 $aVAN0249900 950 $aBIBLIOTECA DEL DIPARTIMENTO DI MATEMATICA E FISICA$d08CONS e-book 4877 $e08eMF4877 20220909 996 $aText analysis with R for students of literature$92909487 997 $aUNICAMPANIA